| 000 | 00371nam a22001337a 4500 | ||
|---|---|---|---|
| 008 | 230731b xxu||||| |||| 00| 0 eng d | ||
| 020 | _a0850921341 | ||
| 082 |
_a370 _bCOM |
||
| 110 | _bCommonwealth Secretariat | ||
| 245 | _aReport of thr Seventh Commonwealth Education Conference | ||
| 260 |
_alondon _bCommonwealth Secretariat _c1977 |
||
| 300 | _a145p | ||
| 942 |
_2ddc _cBK |
||
| 999 |
_c4002 _d4002 |
||